01081cam a22003014a 4500952015700000999001700157001000900174003000400183005001700187008004100204010001700245020003100262040001800293042000800311050002300319082002200342100004400364245006200408250001200470260004600482300003500528504005100563650002800614650002300642700002700665906004500692942004200737 00102ddc40708FORaMESbMEScFOR d2022-01-10e41g670.00l3m6o363.25 CHI/Cp41390r2022-12-22 00:00:00s2022-11-18v670.00w2022-01-10yBKzGL51R1 c41438d4143816640990OSt20220106151002.0110207s2011 maua b 001 0 eng  a 2011005546 a9780123864604 (alk. paper) aDLCcDLCdDLC apcc00aHV8073b.C515 201100a363.25222bCHI/C1 aChisum, W. Jerryq(William Jerry)9900510aCrime reconstruction /cW. Jerry Chisum, Brent E. Turvey. a2nd ed. aBurlington, MA :bAcademic Press,cc2011. axxix, 671 p. :bill. ;c25 cm. aIncludes bibliographical references and index. 0aCriminal investigation. 0aForensic sciences.1 aTurvey, Brent E.98549 a7bcbccorignewd1eecipf20gy-gencatlg 2ddccBKh363.25iCHI/Ck363.25mCHI/C